000 00626cam a22002053a 4500
001 36341
003 PGUSA
005 20140828083803.0
008 110606s2011||||xxu|||||s|||||000 | eng d
040 _aPGUSA
_beng
042 _adc
100 1 _aTownshend, R. B.
_q(Richard Baxter),
_d1846-1923
245 1 0 _aGunpowder Treason and Plot, and other stories for Boys
_h[electronic resource] /
_cR. B. Townshend
260 _bProject Gutenberg,
_c2011
506 _aPublic domain in the USA.
516 _aElectronic text
830 0 _aProject Gutenberg
_v36341
856 4 0 _uhttp://www.gutenberg.org/ebooks/36341
942 _cEB
999 _c265596
_d265596